000 nam a22 4500
999 _c233030
_d233030
003 Nust
005 20170228101433.0
008 170228b xxu||||| |||| 00| 0 eng d
040 _cDLC
082 _a954.91 HER
245 _aPassion for Pakistan/
_c Hermsen, Josee
260 _aLahore :
_bFerozsons,
_c2004
300 _a124p. :
_c30 cm
942 _2ddc
_cBK